Bệnh gia cầm Tập 1
Tổng hợp nhiều tài liệu của các nhà nghiên cứu Liên Xô và nước ngoài về các biện pháp phòng chống bệnh gia cầm, các bệnh không truyền nhiễm, các bệnh gia cầm, các bệnh không truyền nhiễm, các bệnh ký sinh trùng và các bệnh truyền nhiễm. Đánh giá mức độ vệ sinh ở các nguồn nước đối với những gia cầm...
Αποθηκεύτηκε σε:
| Άλλοι συγγραφείς: | , , |
|---|---|
| Μορφή: | Βιβλίο |
| Γλώσσα: | Vietnamese |
| Έκδοση: |
H.
Khoa học và kỹ thuật
1975
|
| Θέματα: | |
| Ετικέτες: |
Προσθήκη ετικέτας
Δεν υπάρχουν, Καταχωρήστε ετικέτα πρώτοι!
|
| Thư viện lưu trữ: | Mạng thư viện Đại học Đà Nẵng |
|---|
| LEADER | 01649nam a2200373 4500 | ||
|---|---|---|---|
| 001 | 000008902 | ||
| 003 | 5095 | ||
| 005 | 20111021151012.0 | ||
| 008 | 111021s1975 viesd | ||
| 041 | 0 | |a vie | |
| 082 | |a 636.089 |b Bên | ||
| 245 | 1 | 0 | |a Bệnh gia cầm |c Dịch: Nguyễn Thát; Hiệu đính: Phạm Quân, Phan Thanh Phượng |n Tập 1 |
| 260 | |a H. |b Khoa học và kỹ thuật |c 1975 | ||
| 300 | |a 582tr |c 19cm | ||
| 520 | |a Tổng hợp nhiều tài liệu của các nhà nghiên cứu Liên Xô và nước ngoài về các biện pháp phòng chống bệnh gia cầm, các bệnh không truyền nhiễm, các bệnh gia cầm, các bệnh không truyền nhiễm, các bệnh ký sinh trùng và các bệnh truyền nhiễm. Đánh giá mức độ vệ sinh ở các nguồn nước đối với những gia cầm bơi lội | ||
| 653 | |a Chăn nuôi | ||
| 653 | |a bệnh truyền nhiễm | ||
| 653 | |a bệnh kí sinh trùng | ||
| 653 | |a gia cầm | ||
| 700 | |a Phan Thanh Phượng |e Hiệu đính | ||
| 700 | |a Phạm Quân |e Hiệu đính | ||
| 700 | |a Nguyễn Thát |e Dịch | ||
| 773 | |t Bệnh gia cầm |w 5093 | ||
| 910 | |a Thanh |d 21/10/2011 | ||
| OWN | |a LSP | ||
| AVA | |a UDN50 |b LSP |d 636.089 Bên |e available |t Error 5001 Not defined in file expand_doc_bib_avail. |f 4 |g 1 |h N |i 0 |k 1 | ||
| 999 | |a From the UDN01 | ||
| AVA | |a UDN50 |b LSP |d 636.089 Bên |e available |t Error 5001 Not defined in file expand_doc_bib_avail. |f 4 |g 1 |h N |i 0 |k 1 | ||
| TYP | |a Monograph | ||
| TYP | |a Printed language | ||
| 980 | |a Mạng thư viện Đại học Đà Nẵng | ||